Glee Season 3 Songs Quiz Stats

 Plays Quiz not verified by Sporcle

Also try: TV Debuts: 1988
Challenge
Share
Tweet
Embed
Score 0/167 Timer 20:00
0 Plays Today
Name of Artist Name of Song % Correct
The Go-GosWe Got the Beat
79.7%
HairsprayYou Cant Stop the Beat
74.4%
Tom JonesIts Not Unusual
66.7%
Anything Goes/Annie Get Your GunAnything Goes
63.8%
Barbra Streisand & Harold ArlenDing Dong The Witch is dead
56%
Sweet CharityBig Spender
55.6%
Michael JacksonBad
55.6%
ColdplayFix You
54.1%
West Side StoryTonight
54.1%
The Purple Piano Project
54.1%
I Am Unicorn
54.1%
Asian F
54.1%
Pot o Gold
54.1%
The First Time
54.1%
Mash Off
54.1%
I Kissed a Girl
54.1%
Hold on to Sixteen
54.1%
Extraordinary Merry Christmas
54.1%
Yes/No
54.1%
Michael
54.1%
The Spanish Teacher
54.1%
Heart
54.1%
On My Way
54.1%
Big Brother
54.1%
Saturday Night Glee-ver
54.1%
Dance With Somebody
54.1%
Choke
54.1%
Prom-asurus
54.1%
Props
54.1%
Nationals
54.1%
Goodbye
54.1%
Katy PerryI Kissed a Girl
53.6%
The Jackson 5ABC
52.7%
RhiannaWe Found Love
52.7%
West Side StorySomewhere
51.7%
West Side StoryAmerica
51.7%
Katy PerryLast Friday Night
51.2%
Funny GirlIm the Greatest Star
50.2%
Michael JacksonSmooth Criminal
49.8%
Jennifer HudsonSpotlight
49.3%
GreaseSummer Nights
49.3%
Michael JacksonBlack or White
49.3%
AdeleRumour Has It
48.8%
West Side StorySomethings Coming
48.3%
Michael JacksonBen
48.3%
West Side StoryCool
47.3%
Christina AguileraCandyman
47.3%
Michael JacksonMan in the Mirror
46.9%
Maroon 5/The Rolling StonesMoves like Jagger
46.9%
Janet JacksonControl
46.4%
Nat King ColeLOVE
45.9%
David Guetta feat UsherWithout You
45.4%
DreamgirlsIts All Over
44.9%
Sesame StreetBeing Green
44.4%
West Side StoryA Boy Like That
44%
PinkPerfect
44%
Name of Artist Name of Song % Correct
Michael Jackson feat Janet JacksonScream
43.5%
New DirectionsExtraordinary Merry Christmas
43%
West Side StoryOne Hand One Heart
41.5%
Pat Benatar/BlondieHit Me with Your Best Shot
41.5%
Funny GirlDont Rain on My Parade
41.5%
Destiny's Child/Gloria GaynorSurvivor
41.1%
funWe Are Young
41.1%
Bee GeesStayin Alive
41.1%
Van HalenHot for Teacher
40.6%
Whitney HoustonI Will Always Love You
40.6%
The TrammpsDisco Inferno
40.6%
Whitney HoustonHow Will I Know
40.6%
Roberta FlackThe First Time Ever I Saw Your Face
40.1%
Band AidDo They Know its Christmas
39.6%
Gipsy King/Enriques IglesiasBamboleo
39.6%
The B-52'sLove Shack
39.6%
Michael JacksonHuman Nature
39.1%
Michael JacksonWanna Be Starting Something
38.6%
Bee GeesMore Than a Woman
38.6%
Room for TwoRoots Before Branches
38.2%
Lady Gaga/Eddie Rabbitt You and I
37.7%
Gym Class Heroes feat Adam LevineStereo Hearts
37.7%
Bee GeesNight Fever
37.7%
Lady GagaThe Edge of Glory
37.7%
BeyonceRun the World (Girls)
37.2%
Ella FitzgeraldLet it Snow
37.2%
Whitney HoustonI Have Nothing
36.7%
FameOut Here on My Own
36.2%
Whitney HoustonSo Emotional
36.2%
ForeignerWaiting For a Girl Like You
35.7%
Billy JoelUptown Girl
35.7%
West Side StoryI Have a Love
35.7%
Sound of MusicMy Favourite Things
35.3%
Nikki Minaj/R.KellyFly
35.3%
Whitney HoustonIts Not Right But its OK
35.3%
MadonnaLa Isla Bonita
34.8%
Yvonne EllimanIf I Cant Have You
34.8%
FergieBig Girls Dont Cry
34.8%
Dolly PartonJolene
34.3%
ChicagoCell Block Tango
34.3%
Ke$haDinosaur
34.3%
The WaitressesChristmas Wrapping
33.8%
Michael JacksonI Just Cant Stop Loving You
33.3%
The WantedGlad You Came
33.3%
Taylor SwiftMean
33.3%
Celine DionIts All Coming Back To Me Now
33.3%
k.d LangConstant Craving
32.9%
The Association/MadonnaCherish
32.9%
Kelly ClarksonStronger
32.9%
GotyeSomebody That I Used To Know
32.9%
Bee GeesYou Should Be Dancing
32.9%
The Boy from OzNot The Boy Next Door
32.9%
Kelly ClarksonCry
32.9%
Elvis PresleyBlue Christmas
32.4%
LMFAOIm Sexy and I Know It
32.4%
Selena Gomez and the SceneLove You Like a Love Song
32.4%
Name of Artist Name of Song % Correct
Bruce SpringsteenSanta Claus is Coming to Town
31.9%
Young the GiantCough Syrup
31.9%
KC and the Sunshine BandBoogie Shoes
31.9%
One DirectionWhat Makes You Beautiful
31.9%
Teddy ThompsonTake Care of Yourself
31.4%
Toby KeithRed Solo Cup
31.4%
Duran DuranRio
31.4%
Bee GeesHow Deep is Your Love
31.4%
Whitney HoustonMy Love is Your Love
31.4%
QueenWe Are the Champions
31.4%
HalestormHeres To Us
30.9%
Florence and the MachineShake it Out
30.9%
Greg LaswellGirls Just Want To Have Fun
30.4%
Michael BubleHome
30.4%
Hall & OatesI Cant do That
30%
Elvis PresleyA Little Less Conversation
30%
Nikki MinajStarships
30%
Joni MitchellRiver
29.5%
Lenny KravitzStand
29.5%
BerlinTake My Breath Away
29.5%
Bruce SpringsteenGlory Days
29.5%
The 5th DimmensionWedding Bell Blues
29%
Elton JohnIm Still Standing
28.5%
MarioLet Me Love You
28%
Jason MrazI Wont Give Up
27.5%
Irene CaraFlashdance
27.1%
TraditionalLa Cucaracha
26.6%
Whitney HoustonSaving All My Love For You
26.6%
Alice CooperSchools Out
26.6%
Rod StewartForever Young
26.6%
Melissa EtheridgeIm the Only One
26.1%
GiversUp, Up, Up
25.6%
The Phantom of the OperaMusic of the Night
25.6%
EvitaBuenos Aires
24.6%
The WhoPinball Wizard
24.6%
Celine DionBecause You Loved Me
23.2%
My Fair LadyThe Rain in Spain
22.7%
KC and the Sunshine BandThats the Way (I Like it)
22.2%
Whitney HoustonI Wanna Dance With Somebody (Who Loves Me)
22.2%
New RadicalsYou Get What You Give
22.2%
GrouploveTongue Tied
21.7%
Guys and DollsSit Down Youre Rocking the Boat
21.7%
MadonnaIll Remember
21.7%
The Jackson 5Never Say Goodbye
20.3%
Gloria EstefanDont Wanna Lose You
20.3%
Anything GoesYoure the Top
19.8%
Eric BarnumShe Walks in Beauty
19.3%
The BeatlesIn My Life
19.3%
Kiss Me, KateAlways True to You in My Fashion
17.9%
Starlight ExpressStarlight Express
17.9%
BeyoneSingle Ladies
17.4%
Meat LoafParadise by the Dashboard Lights
16.9%
Mariah CareyAll I Want for Chistmas is You
16.4%
The Dixie CupsChapel of Love
15.9%
Christian AguileraFigher
12.6%

You're not logged in!

Compare scores with friends on all Sporcle quizzes.
Join for Free
OR
Log In

You Might Also Like...

Show Comments

Extras

Created Sep 12, 2012ReportNominate
Tags:glee

Top Quizzes Today


Score Distribution

Your Account Isn't Verified!

In order to create a playlist on Sporcle, you need to verify the email address you used during registration. Go to your Sporcle Settings to finish the process.

Report this User

Report this user for behavior that violates our Community Guidelines.

Details: